[Event "NED-ch U17"]
[Site "Rotterdam"]
[Date "2015.05.09"]
[Round "9"]
[White "Gerlagh, Joris"]
[Black "Corstjens, Rolf"]
[Result "1-0"]
[WhiteElo "2163"]
[BlackElo "1897"]
[PlyCount "137"]
[EventDate "2015.05.02"]
[EventType "swiss"]
[EventRounds "9"]
[EventCountry "NED"]
[SourceTitle "EXT 2016"]
[Source "ChessBase"]
[SourceDate "2015.10.08"]
[SourceVersion "1"]
[SourceVersionDate "2015.10.08"]
[SourceQuality "1"]

1. d4 Nf6 2. c4 e6 3. g3 d5 4. Bg2 Bb4+ 5. Bd2 a5 6. Nf3 dxc4 7. Qc2 Bxd2+ 8. Nbxd2 b5 9. a4 c6 10. 0-0 Bb7 11. Rfd1 Na6 12. b3 cxb3 13. Nxb3 b4 14. Ne5 Rc8 15. Nc5 Nxc5 16. Qxc5 Qe7 17. Qxa5 0-0 18. Nd3 Nd5 19. Bxd5 cxd5 20. Nc5 Bc6 21. Qxb4 Ra8 22. Rdb1 Qd6 23. Nd3 Qxb4 24. Rxb4 Ra5 25. Ne5 Be8 26. Kf1 f6 27. Nd3 Rf7 28. Nc5 Rfa7 29. Nxe6 Bxa4 30. Nc5 Bd7 31. Rxa5 Bh3+ 32. Ke1 Rxa5 33. Nd3 g5 34. Kd2 Bf5 35. Rb8+ Kf7 36. Nb4 Be6 37. Rb7+ Kg6 38. Rb6 Bf7 39. Nd3 Kg7 40. Nc5 Ra2+ 41. Ke3 Ra3+ 42. Rb3 Ra7 43. Kf3 h6 44. Rb7 Ra3+ 45. e3 Ra8 46. Rb6 Rd8 47. Ne6+ Bxe6 48. Rxe6 Kf7 49. Rc6 Kg6 50. g4 Rd7 51. Kg3 Rb7 52. Rd6 Rb5 53. h4 gxh4+ 54. Kxh4 Rb2 55. Kg3 Rb5 56. Rd7 h5 57. gxh5+ Kxh5 58. Rg7 Kh6 59. Rg8 Kh7 60. Rg4 Kh6 61. Kf4 Rb2 62. Rg2 Rb6 63. Kf5 Kh7 64. Rg6 Rb2 65. Rxf6 Rxf2+ 66. Ke5 Re2 67. Rf3 Kg6 68. Kxd5 Kg5 69. e4 1-0

[Event "NED-ch U17"]
[Site "Rotterdam"]
[Date "2015.05.08"]
[Round "8"]
[White "Bhattacharjee, Sourav"]
[Black "Gerlagh, Joris"]
[Result "1/2-1/2"]
[WhiteElo "2042"]
[BlackElo "2163"]
[PlyCount "152"]
[EventDate "2015.05.02"]
[EventType "swiss"]
[EventRounds "9"]
[EventCountry "NED"]
[SourceTitle "EXT 2016"]
[Source "ChessBase"]
[SourceDate "2015.10.08"]
[SourceVersion "1"]
[SourceVersionDate "2015.10.08"]
[SourceQuality "1"]

1. e4 c5 2. Nf3 e6 3. d3 Nc6 4. g3 d5 5. Nbd2 g6 6. Bg2 Bg7 7. 0-0 Nge7 8. Qe2 b6 9. h4 Ba6 10. Re1 Nb4 11. exd5 Nexd5 12. Nc4 0-0 13. a3 Nc6 14. h5 Rc8 15. hxg6 hxg6 16. Nce5 Nde7 17. Ng4 Nf5 18. Bg5 Ncd4 19. Qd2 Nxf3+ 20. Bxf3 Qd4 21. Rab1 f6 22. Bh6 Nxh6 23. Nxh6+ Kh7 24. Ng4 f5 25. Nh2 Bh6 26. Qe2 Rfe8 27. Bg2 c4 28. Nf3 cxd3 29. Nxd4 dxe2 30. Nxe2 e5 31. Nc3 e4 32. Rbd1 Red8 33. Rxd8 Rxd8 34. Rd1 Rxd1+ 35. Nxd1 Bg7 36. Bf1 Bb7 37. Bc4 Bc6 38. Kf1 g5 39. Nc3 Bxc3 40. bxc3 Kg6 41. Ke2 Kf6 42. Bg8 Ke5 43. Bb3 f4 44. gxf4+ Kxf4 45. Be6 Ba4 46. Bb3 Bb5+ 47. c4 Bd7 48. c3 Bg4+ 49. Kd2 Be6 50. Ke2 Bg4+ 51. Kd2 Bf3 52. Bc2 g4 53. Bb1 e3+ 54. fxe3+ Kg3 55. Bf5 Kf2 56. Bxg4 Bxg4 57. Kd3 Ke1 58. c5 bxc5 59. Kc4 Kd2 60. a4 Bd7 61. a5 Kxe3 62. Kxc5 Kd3 63. Kb4 Kc2 64. Ka3 Be6 65. Kb4 Kb2 66. c4 Bc8 67. Kb5 Kc3 68. c5 Bb7 69. c6 Bc8 70. Ka4 Kb2 71. Kb4 a6 72. Kc4 Ka3 73. Kc3 Bf5 74. c7 Ka4 75. Kb2 Kxa5 76. c8Q Bxc8 1/2-1/2

[Event "NED-ch U17"]
[Site "Rotterdam"]
[Date "2015.05.05"]
[Round "5"]
[White "Loutragotis, Dimitrios"]
[Black "Gerlagh, Joris"]
[Result "0-1"]
[WhiteElo "1659"]
[BlackElo "2163"]
[PlyCount "102"]
[EventDate "2015.05.02"]
[EventType "swiss"]
[EventRounds "9"]
[EventCountry "NED"]
[SourceTitle "EXT 2016"]
[Source "ChessBase"]
[SourceDate "2015.10.08"]
[SourceVersion "1"]
[SourceVersionDate "2015.10.08"]
[SourceQuality "1"]

1. d4 f5 2. c4 Nf6 3. Nc3 g6 4. f3 Bg7 5. e3 d6 6. Nge2 c6 7. Bd2 e5 8. Qc2 Na6 9. 0-0-0 0-0 10. Ng3 f4 11. dxe5 fxe3 12. Bxe3 Qe7 13. Qd2 dxe5 14. Bh6 Be6 15. Bxg7 Kxg7 16. Qg5 Qf7 17. Qxe5 Bxc4 18. Nge4 Bxf1 19. Ng5 Qc4 20. Ne6+ Kg8 21. Rd4 Rae8 22. Rxc4 Bxc4 23. Qd4 Bxe6 24. Re1 Nd5 25. Ne4 Bf5 26. Qc4 b5 27. Qd4 Bxe4 28. Rxe4 Rxe4 29. fxe4 Nf4 30. Qd6 Nb4 31. Kd2 a5 32. a3 Nbd3 33. b3 Nf2 34. Qxc6 Nxg2 35. Qe6+ Kg7 36. Qe7+ Kg8 37. Qe6+ Kg7 38. Qe7+ Rf7 39. Qe5+ Kh6 40. Qe6 Rf4 41. e5 Ne4+ 42. Kc2 Rf2+ 43. Kc1 Rf1+ 44. Kb2 Nf4 45. Qd7 Rf2+ 46. Kb1 Nc3+ 47. Kc1 Ra2 48. Qd2 Rxd2 49. Kxd2 Nb1+ 50. Ke3 g5 51. e6 Nxe6 0-1